Die combinierte Wendung bei Placenta praevia /

Hlavní autor: Meier, Heinrich
Korporativní autor: Friedrich-Wilhelms-Universität Berlin
Jazyk: Němčina
Vydáno: Berlin : Heinrich Meier, 1884
Témata:
Fyzický popis: 47 s.
Knihy
Uloženo v:
LEADER 01092nam a22003372a 4500
001 001681367
003 CZ BrMZK
005 20190715093111.0
007 ta
008 190503s1884 gw frm||||||||||ger d
040 |a BOA001  |b cze  |e aacr2 
072 7 |a 618  |x Gynekologie. Porodnictví  |2 Konspekt  |9 14 
080 |a 618.46  |2 MRF 
080 |a 616-06  |2 MRF 
080 |a (048.3)  |2 MRF 
080 |a (043.3)  |2 MRF 
100 1 |a Meier, Heinrich  |4 dis 
245 1 4 |a Die combinierte Wendung bei Placenta praevia /  |c Heinrich Meier 
260 |a Berlin :  |b Heinrich Meier,  |c 1884 
300 |a 47 s. 
502 |a Disertace--Friedrich-Wilhelms-Universität Berlin, 1884 
650 0 7 |a placenta  |7 ph606721  |2 czenas 
650 0 7 |a komplikace (lékařství)  |7 ph134851  |2 czenas 
655 7 |a teze  |7 fd133701  |2 czenas 
655 7 |a disertace  |7 fd132024  |2 czenas 
710 2 |a Friedrich-Wilhelms-Universität Berlin  |7 ko2004238874 
910 |a BOA001  |b X-0379.421 
990 |a BK 
993 |a Y 
991 |b 201905 
996 6 |b 2618978350  |c X-0379.421  |l MZK  |r Sklad / do 24 hodin  |n 0  |w 001721442  |u 000010  |a 1  |e BOA001  |j MZK50  |s P